Представление документа в формате RUSMARC

ПолеНазваниеЗначение
  Тип записи a
  Библиографический уровень m
001 Контрольный номер UONB/MAIN/283470692df148a685e3c51cf1eaeea9
005 Дата корректировки 20260512143551.2
010 Индекс ISBN __
d Цена 80 к.
100 Данные общей обработки __
a Данные общей обработки 20260512d1896 m y0rusy0189 ca
101 Язык документа 0_
a Язык текста rus
102 Страна публикации __
a Страна публикации RU
105 Кодированные данные (монография) __
a Кодированные данные (монография) a z 000yy
200 Заглавие и сведения об ответственности 1_
a Заглавие Общедоступное руководство для изучения торгового счетоводства по двойной итальянской системе
f Первые сведения об ответственности П. А. Субботин, автор Руководства фабрично-заводского счетоводства
203 Вид содержания и тип средства __
a Вид содержания Текст
b Характеристика содержания визуальный
c Тип средства непосредственный
210 Выходные данные 1_
a Место издания Санкт-Петербург
c Издательство В. Губинский
d Дата издания 1896
215 Физическое описание __
a Объем 147, [11] с.
c Иллюстрации/тип воспроизводства ил., табл.
d Формат 20 см
225 Серия 1_
a Серия Бухгалтерия для магазинов и лавок
606 Тематические рубрики 0_
a Основная рубрика Бухгалтерский учет в торговле
610 Ключевые слова 0_
a Ключевые слова бухучет в торговле
610 Ключевые слова 0_
a Ключевые слова торговое счетоводство
610 Ключевые слова 0_
a Ключевые слова двойная итальянская система счетоводства
610 Ключевые слова 0_
a Ключевые слова двойная система счетоводства
686 Индексы других классификаций __
a Классификационный индекс 65.052.254.2
2 Код системы rubbk
700 Автор _1
a Фамилия Субботин
b Имя (инициалы) П. А.
4 Код отношения 070
801 Источник записи _0
a Страна RU
b Организация Ульяновская ОНБ
c Дата составления 20260512
g Правила каталогизации RCR
801 Источник записи _1
a Страна RU
b Организация Ульяновская ОНБ
c Дата составления 20260512
g Правила каталогизации RCR
901 Тип документа __
t Тип документа m
909 Создатель записи __
a Создатель записи Тихонова
b Дата создания записи 20260512